<?xml version="1.0" encoding="UTF-8"?>
<marc:record xmlns:marc="http://www.loc.gov/MARC21/slim">
   <marc:leader>00000nam a2200000 a 4500</marc:leader>
   <marc:datafield ind1="1" ind2=" " tag="100">
      <marc:subfield code="a">Vogel, Kirsten</marc:subfield>
      <marc:subfield code="4">aut</marc:subfield>
      <marc:subfield code="e">Verfasser/-in</marc:subfield>
   </marc:datafield>
   <marc:datafield ind1="0" ind2="0" tag="245">
      <marc:subfield code="a">TKKG Junior - kein Hitzefrei für Detektive</marc:subfield>
   </marc:datafield>
   <marc:datafield ind1="0" ind2="0" tag="245">
      <marc:subfield code="b">12 spannende Ratekrimis</marc:subfield>
   </marc:datafield>
   <marc:datafield ind1="0" ind2="0" tag="245">
      <marc:subfield code="c">Kirsten Vogel ; Stefan Wolf</marc:subfield>
   </marc:datafield>
   <marc:datafield ind1=" " ind2="1" tag="264">
      <marc:subfield code="a">Stuttgart</marc:subfield>
      <marc:subfield code="b">Kosmos</marc:subfield>
      <marc:subfield code="c">2021</marc:subfield>
   </marc:datafield>
   <marc:datafield ind1=" " ind2=" " tag="250">
      <marc:subfield code="a">1. Auflage</marc:subfield>
   </marc:datafield>
   <marc:datafield ind1="1" ind2=" " tag="520">
      <marc:subfield code="a">TKKG &#x96; das sind Tim, Karl, Klößchen und Gaby. Die vier Freunde lösen mutig jeden Fall und stürzen sich in spannende Abenteuer. Dabei darf Hund Oskar natürlich nicht fehlen. Wer klaut im Freibad die Geldbeutel aus den Schließfächern? Wieso verschwinden über Nacht immer so viele Erdbeeren vom Erdbeerfeld? Warum schmeckt das Eis in TKKGs Lieblingseisdiele auf einmal so sauer? Und weshalb gibt es plötzlich zwei Klößchen im Skelett-Kostüm? Wer genauso wachsam ist wie Tim, Karl, Klößchen und Gaby findet in jedem der spannenden Ratekrimis den Hinweis und löst am Ende den Fall!</marc:subfield>
   </marc:datafield>
   <marc:datafield ind1=" " ind2=" " tag="020">
      <marc:subfield code="a">9783440172384</marc:subfield>
      <marc:subfield code="9">9783440172384</marc:subfield>
   </marc:datafield>
   <marc:datafield ind1=" " ind2=" " tag="041">
      <marc:subfield code="a">ger</marc:subfield>
   </marc:datafield>
   <marc:datafield ind1=" " ind2=" " tag="300">
      <marc:subfield code="a">108 Seiten, Illustrationen</marc:subfield>
   </marc:datafield>
</marc:record>
